Movies By 1 Actor and 1 Actress - Christian Bale Edition - Statistics

General Stats
  • This quiz has been taken 21 times
  • The average score is 13 of 26
Answer Stats
Cast Movie % Correct
Heath Ledger, Maggie Gyllenhaal The Dark Knight
100%
Michael Caine, Katie Holmes Batman Begins
95%
Ryan Gosling, Marisa Tomei The Big Short
79%
Jennifer Lawrence, Bradley Cooper American Hustle
68%
Willem Dafoe, Reese Witherspoon American Psycho
68%
Hugh Jackman, Scarlett Johansson The Prestige
68%
Margot Robbie, John David Washington Amsterdam
63%
Matt Damon, Caitriona Balfs Ford v Ferrari
63%
Amy Adams, Steve Carell Vice
58%
John Malkovich, Miranda Richardson Empire of the Sun
53%
Jennifer Jason Leigh, Michael Ironside The Machinist
47%
Johnny Depp, Marion Cotillard Public Enemies
42%
Matthew McConaughey, Izabello Scorpuco Reign of Fire
42%
Sam Worthington, Helena Bonham Carter Terminator Salvation
42%
Russell Crowe, Vanessa Shaw 3:10 To Yuma
37%
Rosamund Pike, Jesse Plemons Hostiles
37%
Samuel L. Jackson, Toni Collette Shaft
37%
Harry Melling, Charlotte Gainsbourg The Pale Blue Eye
37%
Joel Edgerton, Sigourney Weaver Exodus: Gods and Kings
32%
Winona Ryder, Eric Stoltz Little Women
32%
Irene Bedard, Mel Gibson Pocahontas
32%
Robert Sean Leonard, Barbara Hershey Swing Kids
32%
Freddy Rodriguez, Eva Longoria Harsh Times
26%
Cate Blanchett, Richard Gere I'm Not There
26%
Steve Zahn, Bonnie Zellerbach Rescue Dawn
26%
Christopher Plummer, Irene Bedard The New World
26%
No matching quizzes found
Score Distribution
Percent of People with Each Score
Percentile by Number Answered
Your Score History
You have not taken this quiz